000 00385pab a2200145 454500
008 180718b2015 xxu||||| |||| 00| 0 eng d
100 _aSingh, Parmanand
245 _aThe epistemology of human rights: a theoretical essay
260 _c2015
300 _ap.1-26.
362 _aJan-Mar
650 _aHuman rights
773 _aJournal of the Indian Law Institute
909 _a109244
999 _c109239
_d109239